Northeast India: (Record no. 152133)
[ view plain ]
| 000 -LEADER | |
|---|---|
| fixed length control field | 00609nam a22001817a 4500 |
| 005 - DATE AND TIME OF LATEST TRANSACTION | |
| control field | 20180517171453.0 |
| 010 ## - LCCN (DPL NO) | |
| LC control number | ENG-123050 |
| 020 ## - INTERNATIONAL STANDARD BOOK NUMBER | |
| Terms of availability | 695.00 |
| International Standard Book Number | 9781316641880 |
| 035 ## - SYSTEM CONTROL NUMBER | |
| System control number | EN-106582 |
| 037 ## - SOURCE OF ACQUISITION | |
| Source of stock number/acquisition | DBAD/PUB |
| 082 ## - DEWEY DECIMAL CLASSIFICATION NUMBER | |
| Classification number | 306.09545 |
| 245 ## - TITLE STATEMENT | |
| Title | Northeast India: |
| Remainder of title | a place of relations / |
| Statement of responsibility, etc | ed.by Yasmin Saikia [and] Amit R. Baishya |
| 260 ## - PUBLICATION, DISTRIBUTION, ETC. (IMPRINT) | |
| Place of publication, distribution, etc | Delhi |
| Name of publisher, distributor, etc | CAMBRIDGE UNIVERSITY PRESS |
| Date of publication, distribution, etc | 2017 |
| 270 ## - ADDRESS | |
| Address | Splendor Forum, Plot no. 3, 3rd Floor Jasola District Centre |
| City | Delhi |
| Postal code | 110025 |
| 300 ## - PHYSICAL DESCRIPTION | |
| Extent | xi, 291p. |
| Dimensions | 23cm (Pbk) |
| 500 ## - GENERAL NOTE | |
| General note | It include index |
| 942 ## - ADDED ENTRY ELEMENTS (KOHA) | |
| Source of classification or shelving scheme | Dewey Decimal Classification |
| Item type | English Books |
| Classification part | 306.09545 |
| Call number suffix | NOR |
| Withdrawn status | Lost status | Not for loan | Collection code | Home library | Current library | Date acquired | Source of acquisition | Cost, normal purchase price | Full call number | Barcode | Copy number | Cost, replacement price | Koha item type |
|---|---|---|---|---|---|---|---|---|---|---|---|---|---|
| Not For Loan | Non-fiction | D.B.Act.Division | Patel Nagar | 18/05/2018 | DBAD/PUB | 695.00 | 306.09545 NOR | EN-106582 | 1 | 695.00 | English Books |
